000 00844nam a2200217Ia 4500
005 20150316130646.0
010 _aBAC-EN21 ENG-111754
020 _a9789332508033
_c599.00
035 _aEN-95286
035 _aB-590674-702
037 _bTechniz/Ven
_adpl
037 _bDBAD/PUB
082 _a541
100 _aSinghal, Atul
245 _aThe pearson guide to physical chemistry for the JEE advanced :
_balso for Indian Science Engineering Eligibility test /Joint Entrance Examination) /
_cby Atul Singhal
260 _c2014
_a New Delhi
_bPearson India
270 _a11 Community Centre, Panchsheel Park
_bNew Delhi
_e110017
300 _c25cm(pbk)
_avarious pagings
942 _cEN
_2ddc
_mSIN
_h541
999 _c88220
_d88220